The Sikhs of the Punjab / (Record no. 20774)

MARC details
000 -LEADER
fixed length control field 01140cam a2200313 a 4500
001 - CONTROL NUMBER
control field 563878
003 - CONTROL NUMBER IDENTIFIER
control field BDDh-ASL
005 - DATE AND TIME OF LATEST TRANSACTION
control field 20231015025932.0
008 - FIXED-LENGTH DATA ELEMENTS--GENERAL INFORMATION
fixed length control field 890703s1990 enkab b 001 0 eng
010 ## - LIBRARY OF CONGRESS CONTROL NUMBER
LC control number 89017348
020 ## - INTERNATIONAL STANDARD BOOK NUMBER
International Standard Book Number 0521268842
040 ## - CATALOGING SOURCE
Original cataloging agency DLC
Transcribing agency DLC
Modifying agency DLC
-- BDDh-ASL
043 ## - GEOGRAPHIC AREA CODE
Geographic area code a-ii---
-- a-pk---
050 00 - LIBRARY OF CONGRESS CALL NUMBER
Classification number DS436
Item number .N47 1987 pt. 2, vol. 3
Classification number DS485.P3
082 00 - DEWEY DECIMAL CLASSIFICATION NUMBER
Classification number 954.5088
Edition number 20
Item number GRS
100 1# - MAIN ENTRY--PERSONAL NAME
Personal name Grewal, J. S.
245 14 - TITLE STATEMENT
Title The Sikhs of the Punjab /
Statement of responsibility, etc. J.S. Grewal.
260 ## - PUBLICATION, DISTRIBUTION, ETC.
Place of publication, distribution, etc. Cambridge [England] ;
-- New York :
Name of publisher, distributor, etc. Cambridge University Press,
Date of publication, distribution, etc. 1990.
300 ## - PHYSICAL DESCRIPTION
Extent xxv, 264 p. :
Other physical details ill., maps ;
Dimensions 24 cm.
440 #4 - SERIES STATEMENT/ADDED ENTRY--TITLE
Title The New Cambridge history of India ;
Volume/sequential designation II, 3
504 ## - BIBLIOGRAPHY, ETC. NOTE
Bibliography, etc. note Includes bibliographical references (p. 246-254) and index.
650 #0 - SUBJECT ADDED ENTRY--TOPICAL TERM
Topical term or geographic name entry element Sikhs
General subdivision History.
651 #0 - SUBJECT ADDED ENTRY--GEOGRAPHIC NAME
Geographic name Punjab (India)
General subdivision History.
856 42 - ELECTRONIC LOCATION AND ACCESS
Materials specified Publisher description
Uniform Resource Identifier <a href="http://www.loc.gov/catdir/description/cam023/89017348.html">http://www.loc.gov/catdir/description/cam023/89017348.html</a>
856 41 - ELECTRONIC LOCATION AND ACCESS
Materials specified Table of contents
Uniform Resource Identifier <a href="http://www.loc.gov/catdir/toc/cam022/89017348.html">http://www.loc.gov/catdir/toc/cam022/89017348.html</a>
906 ## - LOCAL DATA ELEMENT F, LDF (RLIN)
a 7
b cbc
c orignew
d 1
e ocip
f 19
g y-gencatlg
942 ## - ADDED ENTRY ELEMENTS (KOHA)
Source of classification or shelving scheme Dewey Decimal Classification
Koha item type Books
Holdings
Withdrawn status Lost status Source of classification or shelving scheme Damaged status Not for loan Collection code Home library Current library Shelving location Date acquired Source of acquisition Total Checkouts Full call number Barcode Date last seen Copy number Price effective from Koha item type Public note
    Dewey Decimal Classification   Not For Loan Non-fiction Asiatic Society Library Asiatic Society Library Ludden Collection 01/13/2021 Donated by Prof. David Ludden   954.5088 GRS 104257 01/13/2021 C-1 01/13/2021 Books RARE

Powered by Koha